| 000 | 00656nam a2200169Ia 4500 | ||
|---|---|---|---|
| 008 | 140609s9999 xx 000 0 und d | ||
| 020 | _a9789715063753 | ||
| 050 |
_aLG 205 _b.C899 2006 |
||
| 245 |
_aCulture of excellence, culture of conscience : _bthe first five FilipinoDominican Rectors of the University of Santo Tomas / _cessays by : Lourd Ernest de Veyra... [et al.] |
||
| 260 |
_aManila, Philippines : _bUST Publishing House, _cc2006. |
||
| 300 |
_a111 p. : _bcol. ill. ; _c23 cm. |
||
| 500 | _aIncludes biblographical references. | ||
| 521 | _aGE | ||
| 650 |
_aClergy _xPhilippines -- History. |
||
| 942 |
_kLOC _cBK |
||
| 999 |
_c117890 _d117890 |
||